| 000 | 01561cam a2200277zu 4500 | ||
|---|---|---|---|
| 001 | 88935605 | ||
| 003 | FRCYB88935605 | ||
| 005 | 20251020123515.0 | ||
| 006 | m o d | ||
| 007 | cr un | ||
| 008 | 251020s2022 fr | o|||||0|0|||fre d | ||
| 020 | _a9782416007910 | ||
| 035 | _aFRCYB88935605 | ||
| 040 |
_aFR-PaCSA _bfr _c _erda |
||
| 100 | 1 | _aBoniface, Pascal | |
| 245 | 0 | 1 |
_aLes relations internationales de 1945 à nos jours _bDe Yalta à la guerre en Ukraine _c['Boniface, Pascal'] |
| 264 | 1 |
_bEyrolles _c2022 |
|
| 300 | _a p. | ||
| 336 |
_btxt _2rdacontent |
||
| 337 |
_bc _2rdamdedia |
||
| 338 |
_bc _2rdacarrier |
||
| 650 | 0 | _a | |
| 700 | 0 | _aBoniface, Pascal | |
| 856 | 4 | 0 |
_2Cyberlibris _uhttps://international.scholarvox.com/netsen/book/88935605 _qtext/html _a |
| 520 | _aGénéalogie d'un monde Multipolaire De 1945 à nos jours, Pascal Boniface retrace de façon directe, claire et vivante l'histoire des relations internationales. Il met ainsi en lumière les précédents, les choix et les biais géopolitiques qui permettent de décrypter l'actualité et de percevoir le monde dans sa globalité. Foisonnante et explosive, la période contemporaine ne cesse de nous surprendre : cet essai pédagogique - mis à jour à l'aune des événements les plus récents (la crise sanitaire, la débâcle de Kaboul, la guerre en Ukraine...) - constitue la référence indispensable des lecteurs désireux de prendre du recul pour aborder la mondialisation de façon éclairée et le présent en connaissance de cause. | ||
| 999 |
_c1554510 _d1554510 |
||